00397nam a2200145Ia 4500003000400000008004100004040001600045082001600061100001900077245004100096260004800137300001000185650003400195650002200229GCL140319s9999 xx 000 0 eng d aGCL / cGCL04a624.15bH F1 aEL- HANSY, R.M10aFOUNDATION DESIGN / cEL- HANSY, R.M a[S.N] : bDAR AL- RATAB SL GAMEIA ، c1990 a250 P04aالتحليل الرياضى04aFOUNDATION DESIGN